Thủ đô Hà Nội = Hanoi capital

Tổng quan về lịch sử Thăng Long - Hà Nội và nêu lên một số nét tiêu biểu trong sự vận động phát triển, đặc biệt là chiều sâu văn hiến, khát vọng hoà bình và thời kỳ Hà Nội là Thủ đô của nước Việt Nam thời đại Hồ Chí Minh....

Celý popis

Uloženo v:
Podrobná bibliografie
Hlavní autor: Nguyễn, Chí Mỳ
Médium: Kniha
Jazyk:Undetermined
Vydáno: Hà Nội Nhà xuất bản Hà Nội 2010
Tagy: Přidat tag
Žádné tagy, Buďte první, kdo otaguje tento záznam!
Thư viện lưu trữ: Trung tâm Học liệu Trường Đại học Cần Thơ
LEADER 00919nam a2200193Ia 4500
001 CTU_167752
008 210402s9999 xx 000 0 und d
082 |a 959.731 
082 |b M600 
100 |a Nguyễn, Chí Mỳ 
245 0 |a Thủ đô Hà Nội = 
245 0 |b Hanoi capital 
245 0 |c Nguyễn Chí Mỳ ( chủ biên ) ... [ et al. ] 
260 |a Hà Nội 
260 |b Nhà xuất bản Hà Nội 
260 |c 2010 
520 |a Tổng quan về lịch sử Thăng Long - Hà Nội và nêu lên một số nét tiêu biểu trong sự vận động phát triển, đặc biệt là chiều sâu văn hiến, khát vọng hoà bình và thời kỳ Hà Nội là Thủ đô của nước Việt Nam thời đại Hồ Chí Minh. 
904 |i Trinh, Năm 
980 |a Trung tâm Học liệu Trường Đại học Cần Thơ